000 00842nam a2200229 a 4500
001 BRCA_1339
005 20190320203400.0
008 960814s1996 nyu#---###---#000-0#eng-#
020 _a1879128144
050 4 _aND1312.M4
_b.N49 1996
245 1 0 _aNew World Orders
_bCasta Painting and Colonial Latin America.
260 _aNueva York
_bAmericas Society, Art Gallery
_c1996
300 _a144 p.
_bil. a color
_c30 cm.
500 _aCatálogo de la exposición realizada en la Americas Society Art Gallery (Nueva York), 26 septiembre - 22 dicembre, 1996
504 _aBibliografía: p. 141-144
546 _aTexto en : ingles y español
650 1 4 _aPintura colonial
_zMéxico
_93588
650 1 4 _aPintura de castas
_zAmérica Latina
_94383
650 1 4 _aMestizos en el arte
_vRetratos
_zMéxico
_94384
740 0 _aCastas
942 _2lcc
_cB
999 _c1202
_d1202